| 000 | 01276nam a2200325 i 4500 | ||
|---|---|---|---|
| 005 | 20260406111053.0 | ||
| 008 | 260406s2025 my gr 000 0dmay d | ||
| 020 |
_a9789673889785 _cRM22.00 _qpaperback |
||
| 040 |
_aPPAK _beng _cPPAK _erda |
||
| 082 | 0 | 4 |
_a297.57 _223 |
| 090 | 0 | 0 |
_a297.57 _bIWA _dG |
| 100 | 0 |
_aIwana Aisyah, _q(Iwana Aisyah binti Ab Halim), _d1996- _eauthor. |
|
| 245 | 1 | 0 |
_aSiraman Jiwa AL-QURAN : _bMenyubur Jiwa, Menyembuh Luka / _cIWANA AISYAH ; Editor Syariah Siti Hajar Hanisah, Faris Lokhman, Fakhrizul ; Editor Bahasa Alyaa Natasha, Aisya Amalin, Khairun Amalia |
| 264 | 1 |
_aKuala Lumpur : _bTELAGA BIRU SDN. BHD., _c[2025?] |
|
| 300 |
_axiii, 129 pages ; _c21 cm |
||
| 336 |
_atext _2rdacontent |
||
| 336 |
_astill image _2rdacontent |
||
| 337 |
_aunmediated _2rdamedia |
||
| 338 |
_avolume _2rdacarrier |
||
| 500 | _aContains verses from the Qur'an and quotes from the Hadith | ||
| 650 | 1 | 0 |
_aReligious life _xIslam |
| 650 | 2 | 0 |
_aIslam _xCustoms and practices |
| 700 | 0 |
_aSiti Hajar Hanisah, _eeditor. |
|
| 700 | 0 |
_aFaris Lokhman, _eeditor. |
|
| 700 | 0 |
_aFakhrizul, _eeditor. |
|
| 700 | 0 |
_aAlyaa Natasha, _eeditor. |
|
| 700 | 0 |
_aAisya Amalin, _eeditor. |
|
| 700 | 0 |
_aKhairun Amalia, _eeditor. |
|
| 942 |
_2ddc _cB |
||
| 999 |
_c203705 _d203705 |
||